Bytový dom
Uložené v:
| Hlavný autor: | |
|---|---|
| Ďalší autori: | |
| Médium: | Rukopis Kniha |
| Jazyk: | Slovak |
| Vydavateľské údaje: |
2015
|
| Predmet: | |
| On-line prístup: | http://is.stuba.sk/zp/portal_zp.pl?podrobnosti=98635 https://opac.crzp.sk/?fn=detailBiblioForm&sid=FF44C990A7CA883E4D8D5A929FD7 |
| Tagy: |
Žiadne tagy, Buďte prvý, kto otaguje tento záznam!
|
MARC
| LEADER | 00000ntm a22000003a 4500 | ||
|---|---|---|---|
| 001 | stuzp52123 | ||
| 003 | SK-STU | ||
| 005 | 20230811113100.5 | ||
| 007 | ta | ||
| 008 | 150427s2015----xo-----f-mn---000-0-slo-d | ||
| 040 | |a STU |b slo | ||
| 041 | 0 | |a slo | |
| 100 | 1 | |a Hellová, Katarína Eva |u 010270 |4 aut |U SvF Stavebná fakulta |T SvF Katedra technológie stavieb |X 54675 |U V270 |Y 28 |7 54675 | |
| 242 | 0 | 1 | |a Residential house |y eng |
| 245 | 1 | 0 | |a Bytový dom |
| 260 | |c 2015 | ||
| 650 | 4 | |a bytový dom |2 slo | |
| 650 | 4 | |a keramická dlažba |2 slo | |
| 650 | 4 | |a projekt organizácie výstavby |2 slo | |
| 650 | 4 | |a shedule of construction |2 eng | |
| 650 | 4 | |a ceramic tiles |2 eng | |
| 650 | 4 | |a residential house |2 eng | |
| 700 | 1 | |a Gašparík, Jozef |4 ths |X 2737 |7 A000002737 | |
| 856 | 4 | |u http://is.stuba.sk/zp/portal_zp.pl?podrobnosti=98635 | |
| 856 | 4 | |u https://opac.crzp.sk/?fn=detailBiblioForm&sid=FF44C990A7CA883E4D8D5A929FD7 | |
| SQL | |a stuzp52123 |b DBP |c SLO |d Bytový dom |e 54675 |f Hellová, Katarína Eva |g 010270 |h 2737 |i Gašparík, Jozef |j 20150623 |k 6 |l 01 |m http://is.stuba.sk/zp/portal_zp.pl?podrobnosti=98635 |n B-TMS |o 5.2.8. stavebníctvo | ||